Normal view
MARC view
Entry Personal Name
001 - CONTROL NUMBER
- control field: 1040552
003 - CONTROL NUMBER IDENTIFIER
- control field: OSt
005 - DATE AND TIME OF LATEST TRANSACTION
- control field: 20260121161128.0
008 - FIXED-LENGTH DATA ELEMENTS
- fixed length control field: 260121|| aca||aabn | a|a d
040 ## - CATALOGING SOURCE
- Original cataloging agency: OSt
- Transcribing agency: OSt
100 ## - HEADING--PERSONAL NAME
- Personal name: T.E. Bowdich
670 ## - SOURCE DATA FOUND
- Source citation: Work cat.: (OSt)1607368: T.E. Bowdich , Mission from Cape Coast Castle to Ashantee (1819)
